LEADER 01427nam0 22003011i 450 001 UON00529944 005 20260312113408.403 010 $a978-16-14-51493-0 100 $a20251205d2013 |0itac50 ba 101 $aeng 102 $aDE 105 $a|||| ||||| 200 1 $aAncient Greek dialects and early authors$eintroduction to the dialect mixture in Homer, with notes on Lyric and Herodotus$fD. Gary Miller 210 $aBerlin$aBoston$cDe Gruyter$d2013 215 $axxxiii, 442 pages$d24 cm 606 $aLetteratura greca$xStoria e critica$3UONC028494$2FI 606 $aLingua greca$xDialetti$3UONC025940$2FI 606 $aOmero$xStudi linguistici$3UONC026342$2FI 620 $aDE$dBerlin$3UONL003157 700 1$aMiller$bD. Gary$3UONV135126$0183216 712 $aDe Gruyter$3UONV248587$4650 801 $aIT$bSOL$c20260320$gRICA 899 $aSIBA - SISTEMA BIBLIOTECARIO DI ATENEO E ARCHIVIO STORICO$2UONSI 912 $aUON00529944 950 $aSIBA - SISTEMA BIBLIOTECARIO DI ATENEO E ARCHIVIO STORICO$dSI T 1 LORACOLA 010 - SOPPALCO 2°PIA$eSI 53676 5 010 - SOPPALCO 2°PIA 951 $aSIBA - SISTEMA BIBLIOTECARIO DI ATENEO E ARCHIVIO STORICO$bSI2025900 1J 20251205Bolla di consegna n. 13 del 17-12-2025 996 $aAncient Greek dialects and early authors$93920229 997 $aUNIOR